Soccer Players Former Clubs - Statistics

General Stats
  • This quiz has been taken 610 times
  • The average score is 5 of 15
Answer Stats
Player Current Club Former Team % Correct
Xavi Al Sadd Barcelona
98%
Didier Drogba Montreal Impact Chelsea
74%
Wilfried Bony Manchester City Swansea City
48%
Alexander Buttner Dynamo Moscow Manchester United
40%
Hulk Zenit St. Petersburg Porto
36%
Gylfi Sigurdsson Swansea City Tottenham Hotspur
35%
Geoffrey Kondogbia Inter Milan Monaco
31%
Luca Toni Verona Fiorentina
28%
Dimitar Berbatov PAOK Monaco
23%
Rahpael Varane Real Madrid Lens
22%
Guillermo Ochoa Malaga Ajaccio
10%
Ronaldinho Fluminense Queretaro
6%
Stijn Schaars PSV Sporting CP
5%
Marek Hamsik Napoli Brescia
4%
Mladen Petric Panathinaikos West Ham United
3%
No matching quizzes found
Score Distribution
Percent of People with Each Score
Percentile by Number Answered
Your Score History
You have not taken this quiz